| 000 | 00526cam a2200193ua 4500 | ||
|---|---|---|---|
| 001 | 2172 | ||
| 005 | 20260515113444.0 | ||
| 008 | 110804n ii |||gr||||Z||||||asm | ||
| 040 | _cMAIN | ||
| 082 | _a370.15 | ||
| 100 |
_aBaruah, Jatin, _eAuthor. |
||
| 245 | 1 |
_aPrarambhik shiksha monobigyan aru parisankhya _cby Jatin Baruah |
|
| 250 | _a6th. | ||
| 260 |
_aGuahati: _bLawyers book stall,995. |
||
| 300 |
_a250p: _bill; _c23cm. |
||
| 653 | _aEducation | ||
| 653 | _aPrarambhik shiksha monobigyan aru parisankhya | ||
| 942 | _cBK | ||
| 999 |
_c2038 _d2038 |
||